Manual: la planificación y ejecución de la capacitación innovativa
Guardado en:
| Autor principal: | |
|---|---|
| Formato: | Libro |
| Lenguaje: | español |
| Publicado: |
Santiago
C.P.U
1994
|
| Colección: | Documento de Trabajo, 19
|
| Materias: | |
| Etiquetas: |
Agregar Etiqueta
Sin Etiquetas, Sea el primero en etiquetar este registro!
|
MARC
| LEADER | 00000nam a2200000 a 4500 | ||
|---|---|---|---|
| 001 | UCZ7540 | ||
| 003 | CL-VaPUC | ||
| 008 | 960105e19940700CL |||||||||||||||||spa|d | ||
| 082 | 0 | 4 | |a 371.395 |b MAR |2 21 |
| 100 | |a Martínez, Astrid |e autora |9 352478 | ||
| 245 | 1 | 0 | |a Manual: la planificación y ejecución de la capacitación innovativa |
| 300 | |a 57 p | ||
| 942 | |c BK | ||
| 945 | |d 19960105 00:00:00 |a cmena | ||
| 260 | |a Santiago |b C.P.U |c 1994 | ||
| 650 | 0 | |a Métodos de enseñanza |9 270413 | |
| 650 | 7 | |a TRABAJO EN GRUPO METODO DE ENSEÑANZA |2 CL-VaPUC |9 309108 | |
| 650 | 7 | |a ENSEÑANZA EN EQUIPO |2 CL-VaPUC |9 352479 | |
| 650 | 0 | |a Planificación de la educación |9 307333 | |
| 650 | 0 | |a Rol del docente |9 329733 | |
| 583 | |a last modification |c 19960105 00:00:00 |k Rodrigo Vera | ||
| 490 | 0 | |a Documento de Trabajo, 19 | |
| 999 | |c 243600 |d 243598 | ||
| 952 | |0 0 |1 0 |4 0 |6 371_395000000000000_MAR_1994 |7 0 |8 P |9 257299 |a BIBEDU |b BIBEDU |c BIBEDU_PB |d 2019-11-19 |i 1615459 |o 371.395 MAR 1994 |p 1615459 |r 2024-01-25 |w 2019-11-19 |y BK |k EDU | ||
| 952 | |0 0 |1 0 |4 0 |6 371_395000000000000_MAR_1994 |7 0 |8 P |9 257300 |a BIBEDU |b BIBEDU |c BIBEDU_PB |d 2019-11-19 |i 3962946 |o 371.395 MAR 1994 |p 3962946 |r 2024-01-25 |w 2019-11-19 |y BK |k EPE | ||